000 00614nam a2200181Ia 4500
001 17279
005 20260306170413.0
008 260306t2008||||xx |||||||||||||| ||und||
041 _aESP
082 _a657.61
_bI61
100 _aConsejo de Normas Internacionales de Contabilidad
_eAUT
245 0 _aNormas internacionales de información financiera (NIIF):
_bdonde también se incluyen las normas internacionales de Contabilidad (NIC) y sus interpretaciones hasta el 1 de enero de 2008
260 _c2008
300 _a2703 páginas :
_c25 cm.
650 _aGEN
654 _aCCO
942 _cLIB
_dJUS
_fJUS
_2ddc
_n
999 _c17279
_d17279